MDQL
is popping MORE tags! Check the
thread
!
Quizzes
Events
Quiz Creation
Community
Videos
Private Events
Remove Ads
Sign In
Join for FREE
Feedback
Dark Mode
Quiz Categories
Sports
Geography
Music
Movies
Television
Just For Fun
Miscellaneous
History
Literature
Language
Science
Gaming
Entertainment
Religion
Holiday
For Kids
Quiz Lab
Recent
Popular Today
Quiz Kudos Today
Editor Picks
Curator Picks
Quizzes by...
Day
Popularity
Type
Ratings
Length
Year
Community
Subscriptions
Recent Discussions
Orange Saloon
Badges
Playlists
Quests
Create
Leaderboards
Showdown
Live 5
Trivia Bingo
Activity
Puzzle Library
Sporcle Events
Private Events
Virtual Trivia
Globe League
Become a Host
Pub Owners
SporcleCon
Opinionation
Our Games
Videos
Blog
Mobile Apps
Partnerships
Remove Ads and Go Orange
Feedback
Music
Pop Music
The Beatles
Song
Album
Lyrics
Bands
Singers
Artist
Clip
Rock
Rap
Classical
Billboard
Country Music
Kpop
Taylor Swift
Music
Pop Music
The Beatles
Song
Album
Lyrics
Bands
Singers
Artist
Clip
Rock
Rap
Classical
Billboard
Country Music
Kpop
Taylor Swift
Random Quiz
Search Sporcle
×
Quiz Lab
Quiz Lab
Music
Song
Type in answers that appear in a list
Type in answers that appear in a list
Classic
Best Score? Go Orange.
Living in the Sunlight Stats
Can you name the lyrics to Tiny Tim's Living in the Sunlight, Loving in the Moonlight?
By
sightswiftlifter
8m
226 Questions
112 Plays
112 Plays
112 Plays
Comments
Comments
Give Quiz Kudos
Give Quiz Kudos
-
- Ratings
hide this ad
Replay
Link that replays current quiz
Next Quiz
Link to next quiz in quiz playlist
You Got
0%
They Got
Avg Score
68%
Avg Friend Score
Upgrade to see
Score Distribution
Jump to the score distribution portion of the page
Score
0/226
Timer
08:00
0
Plays Today
% Correct
I
97.3%
I
97.3%
I
97.3%
I
97.3%
I
97.3%
I
97.3%
I
97.3%
I
97.3%
I
97.3%
I
97.3%
I
97.3%
I
97.3%
I
97.3%
living
92%
Living
92%
Living
92%
Living
92%
Living
92%
a
91.1%
a
91.1%
a
91.1%
a
91.1%
a
91.1%
a
91.1%
a
91.1%
a
91.1%
a
91.1%
in
88.4%
in
88.4%
in
88.4%
in
88.4%
in
88.4%
in
88.4%
in
88.4%
in
88.4%
in
88.4%
in
88.4%
the
86.6%
sunlight,
86.6%
the
86.6%
the
86.6%
sunlight
86.6%
the
86.6%
sunlight,
86.6%
the
86.6%
the
86.6%
sunlight,
86.6%
the
86.6%
moonlight
85.7%
moonlight,
85.7%
moonlight,
85.7%
loving
84.8%
loving
84.8%
wonderful
83%
wonderful
83%
wonderful
83%
wonderful
83%
wonderful
83%
happy!
81.3%
Happy
81.3%
happy
81.3%
you
80.4%
I'm
80.4%
you,
80.4%
you,
80.4%
I'm
80.4%
I'm
80.4%
I'm
80.4%
I'm
80.4%
I'm
80.4%
do
79.5%
do
79.5%
time!
78.6%
time!
78.6%
time!
78.6%
time!
78.6%
% Correct
me!
77.7%
me!
77.7%
me
77.7%
Having
77.7%
having
77.7%
me,
77.7%
having
77.7%
me,
77.7%
Having
77.7%
me.
77.7%
And
76.8%
so
76.8%
so
76.8%
and
76.8%
and
76.8%
and
76.8%
and
76.8%
and
76.8%
And
76.8%
my
75.9%
my
75.9%
my
75.9%
my
75.9%
my
75.9%
just
74.1%
Just
74.1%
just
74.1%
just
74.1%
Just
74.1%
just
74.1%
on
68.8%
on
68.8%
don't
68.8%
don't
68.8%
that
68.8%
that
68.8%
don't
68.8%
it
67.9%
be
67.9%
it
67.9%
it!
67.9%
be
67.9%
it
67.9%
it!
67.9%
be
67.9%
it
67.9%
go
67%
go
67%
bother
67%
never
67%
bother
67%
bother
67%
never
67%
bother
67%
Things
66.1%
Things
66.1%
to
64.3%
way,
64.3%
to
64.3%
to
64.3%
to
64.3%
here
63.4%
here
63.4%
lucky
63.4%
here
63.4%
here
63.4%
worry!
62.5%
what
62.5%
what
62.5%
what
62.5%
what
62.5%
what
62.5%
feel
61.6%
loving
61.6%
as
61.6%
as
61.6%
% Correct
love
61.6%
loving
61.6%
as
61.6%
as
61.6%
love
61.6%
am
60.7%
Hello
59.8%
like,
58.9%
like,
58.9%
like,
58.9%
like
58.9%
friends!
58%
with
58%
everyday!
58%
how
58%
how
58%
any
57.1%
any
57.1%
daughter.
56.3%
daughter.
56.3%
first
55.4%
fine!
55.4%
album.
54.5%
free
54.5%
free
54.5%
dear
53.6%
only
52.7%
record
51.8%
dime
50.9%
When
50.9%
I'll
50.9%
When
50.9%
I'll
50.9%
Worrying
50%
at
49.1%
Coffee's
49.1%
right
49.1%
right
49.1%
right
49.1%
right
49.1%
old
48.2%
old
48.2%
Well,
47.3%
last.
47.3%
need
47.3%
gray,
47.3%
gray,
47.3%
from
46.4%
from
46.4%
feels
45.5%
lot,
45.5%
lot
45.5%
take
45.5%
take
45.5%
have
45.5%
got
44.6%
prime!
44.6%
prime,
44.6%
agree,
43.8%
stay
39.3%
stay,
39.3%
is
39.3%
Haven't
36.6%
them
35.7%
for
34.8%
Oh!
31.3%
the moonlight,
28.6%
this
25.9%
I'm just
22.3%
lovely
22.3%
band!
21.4%
play
21.4%
thrill
20.5%
Isn't
18.8%
Quiz Playlist
Details
Report
Send in Message
Add To Playlist
Classic:
Type in answers that appear in a list
Last Updated: Feb 16, 2017
Quiz Scoreboard
CHALLENGE
Sign Up to Join the Scoreboard
Show All
Scores
Hide
Comments
May contain spoilers
Recently Published
Two Season TV Shows II
by 123Four
Television
10m
Image Sorting: Flags VI
by Barbecue
Geography
2m
Find the 'City' Movie
by crazypaving
Movies
60s
More to Explore
Quiz From the Vault
Featured Blog Post
14 Easter Pick-up Lines to Find Eggs With
hide this ad
You Might Also Like...
Tags
Lyrics Quiz
Song Quiz
Today's Top Quizzes in Music
Browse Music
hide this ad
Today's Top Quizzes in Song
Browse Song
Top Contributed Quizzes in Music
1
5X2 Blitz: Bands II
2
5X2 Blitz: The Beatles
3
Taylor Swift All Songs (2024)
4
5X2 Blitz: Billboard
5
5X2 Blitz: Billboard II
6
5X2 Blitz: Album
7
5X2 Blitz: Singers
8
5X2 Blitz: Rock
9
Music Artist by Three 2010s hits
10
5X2 Blitz: Lyrics
Explore More
Trending Topics
Anime
Kpop
Crossword
Disney
NBA
Harry Potter
Marvel
Song
WWE
NFL
Country
Puzzle
Pokémon
The Office
Soccer
hide this ad
More By:
sightswiftlifter
Quiz
Plays
Rating
Category
Featured
Created
Pokemon in the Sinnoh Pokedex
4,075
5.00
Gaming
Feb 13, 2010
Paper Mario Series Bosses
906
4.67
Gaming
Oct 6, 2009
Steel Type Pokemon
667
4.33
Gaming
Jan 30, 2010
No More Heroes Assassins
151
5.00
Gaming
May 29, 2010
Living in the Sunlight
112
4.33
Music
Feb 25, 2012
Go to Creator's Profile
Score Distribution
Quiz Creator Spotlight
sightswiftlifter
Follow
Send a Message
Quizzes Created
-
Created Quiz Play Count
-
More By This Creator
Popular Quizzes Today
1
Find the US States - No Outlines Minefield
2
Colored Red Africa Blitz
3
Find the 'City' Movie
4
5x2 Blitz: Bands
5
The Countries of the World
6
Find the Countries of Europe - No Outlines Minefield
7
Find the US States
8
US States
More Music Quizzes
Mystery Classic Rock Song VI
Quiz Lab
Trending Quizzes
Colored Red Europe Blitz I
Colored Red Africa Blitz II
Colored Red Europe Blitz II
Colored Red Europe Blitz III
Colored Red Africa Blitz III
Recently Updated
How Do You Spell That?
pecheneg
Godzilla Movies
pecheneg
Grab Bag: 4-10 Letters
pecheneg
2024 March Madness Bracket
pecheneg
Famous TV Couples
Peacemaker
Champions League XIs: Real Madrid
pecheneg
Largest US Cities 1790-2010
pecheneg
Rides in Walt Disney World
pecheneg
Most Oscar Losses (Acting)
pecheneg
Beyoncé Albums
pecheneg
Trending Topics
Anime
Marvel
Kpop
Harry Potter
Disney
Crossword
NBA
NFL
WWE
Country
The Office
Soccer
Pokémon
Song
Puzzle
Your Account Isn't Verified!
In order to create a playlist on Sporcle, you need to verify the email address you used during registration. Go to your
Sporcle Settings
to finish the process.
Report this User
Report this user for behavior that violates our
Community Guidelines
.
Details:
Send Report
Go to the Sporcle.com Mobile Site →
Comments